000 00468nmm a2200169Ia 4500
008 251105s9999||||xx |||||||||||||||||und||
020 _a9788416072279
041 _aspa
100 _aLongares Alonso, Manuel
245 0 _aLa vida de la letra
264 _a[Madrid, España] :
_bGalaxia Gutenberg,
_c2014
300 _a800 páginas
490 _aNarrativa
650 _aSpanish narrative
856 _uhttps://public.digitaliapublishing.com/a/28847
942 _cCF
999 _c77220
_d77220